| 000 | 01192nam a2200337Ia 4500 | ||
|---|---|---|---|
| 003 | GCL | ||
| 008 | 140319s9999 xx 000 0 ara d | ||
| 040 |
_aGCL / _cGCL |
||
| 082 | 0 | 4 |
_a658.848 _bع ت |
| 100 | 1 | _aعادل المهدى | |
| 245 | 1 | 0 |
_aالتسويق الدولى فى ظل عولمة الاسواق / _cعادل المهدى |
| 250 | _aد.ط | ||
| 260 |
_aالقاهرة : _bالدار المصرية اللبنانية |
||
| 300 |
_a400 ص ؛ _c24 سم |
||
| 650 | 0 | 4 | _aالسياسة التجارية |
| 650 | 0 | 4 | _aالاسواق |
| 650 | 0 | 4 | _aالاقتصاد العالمى |
| 650 | 0 | 4 | _aالتبادل التجارى |
| 650 | 0 | 4 | _aالاستيراد |
| 650 | 0 | 4 | _aالتصدير |
| 650 | 0 | 4 | _aالاتفاقيات التجارية |
| 650 | 0 | 4 | _aالتسويق الدولى |
| 650 | 0 | 4 | _aالتجارة الدولية |
| 650 | 0 | 4 | _aالاستيراد والتصدير |
| 650 | 0 | 4 | _aالتجارة الالكترونية |
| 650 | 0 | 4 | _aالاستثمار الدولى |
| 650 | 0 | 4 | _aالتصدير - مكاتب |
| 650 | 0 | 4 | _aالتصدير - قوانين وتشريعات |
| 650 | 0 | 4 | _aالتسويق الدولى - العولمة |
| 942 |
_2ddc _cBK |
||
| 999 |
_c8014 _d8014 |
||